LEADER 00662nam a2200193 i 4500 001 000000161851 003 CaOOAMICUS 005 20070530000000.0 008 070530s1929 fr u000 u fre u 013 $a139215 040 $aSeMil$bita 100 1 $aNohain, Franc.$0(OLS)http://semarc/name/11262 245 12$aL'art de vivre /$cFranc Nohain. 260 $aParis :$bSpes,$c1929. 300 $a272 p., [1] c. di tav. ;$c18 cm. 850 $aSeMil 852 $aSeMil$W1$xVenegono$y1$m1W I 608$j244058$B113228$CSeMilBibl$Z2$F123813 $81 996 $6245$aL'art de vivre$9(OLS)http://semarc/title/145207 996 $6260$aParis :$bSpes$9(OLS)http://semarc/publisher/30154 LEADER 00775nam a2200169 i 4500 001 000000124079 003 CaOOAMICUS 005 20040311000000.0 008 040311s1945 it u000 u lat u 013 $a96776 040 $aSeMil$bita 245 10$aLiber Malachim :$bex interpretatione Sancti Hieronymi cum variis capitulorum seriebus. 300 $aVIII, 354 p. + [1] cartoncino. 773 0 $tBiblia Sacra iuxta latinam vulgatam versionem ad codicum Fidem, iussu Pii PP. 12.$dRomae : Typis Polyglottis Vaticanis, 1944-1957.$g6$w()11175 850 $aSeMil 852 $aSeMil$W1$xVenegono$y1$m2VA VII 104$j268825$B78697$CSeMilBibl$Z2$F80860 $81 996 $6245$aLiber Malachim :$bex interpretatione Sancti Hieronymi cum variis capitulorum seriebus$9(OLS)http://semarc/title/182531